00866nam a2200205 a 450000100100000000500170001000800410002704000250006808200110009324501010010424600400020526000490024530000230029450000730031753400810039059000260047170000370049795201090053499900170064300004798420201002060838.0181009d1984 dr 000 0 spa d aDO-SdBNPbspacBNPHU axxbxx00aRorschach y tat :bsupuestos, descripción y críticas /ccompilador Enerio Rodríguez Arias.14aLas fallas de los tests proyectivos aSanto Domingo :bCírculo Editorial,c1984. a203 p. : ;c21 cm. aIncluye referencias bibliográficas y notas al pie de las páginas aAnderson & Anderson. Técnicas proyectivas del diagnóstico psicológico. aInventariado, 2018/VM1 aRodríguez Arias, Enerio925867 0010718PDaPDbPDcHDd2018-10-09iLF1l0oxx xxp47984-10r2020-06-25w2020-06-25yLFPDZNo se presta c47472d47472